Человек в Высоком Замке: фантастические романы; пер. с англ.

מידע ביבליוגרפי
מחבר ראשי: Дик Ф. К. Филип К.
סיכום:Написанные в шестидесятых годах, романы признанного мастера фантастики Филипа Киндреда Дика давно входят в "золотой фонд" научно-фантастического жанра. Нестандартность авторской мысли, увлекательные сюжеты и глубокий социально-философский подтекст его произведений несомненно привлекут к сборнику симпатии как рядового читателя, так и любителя интеллектуальной прозы. Три романа, вошедшие в сборник, публикуются на русском языке впервые.
שפה:רוסית
יצא לאור: Санкт-Петербург, Лениздат, 1992
נושאים:
פורמט: ספר
KOHA link:https://koha.lib.tpu.ru/cgi-bin/koha/opac-detail.pl?biblionumber=116917

MARC

LEADER 00000nam0a2200000 4500
001 116917
005 20231101215348.0
010 |a 5289014276 
020 |a RU  |b 92-29618 
035 |a (RuTPU)RU\TPU\book\126521 
090 |a 116917 
100 |a 20070529d1992 m y0rusy5003 ca 
101 1 |a rus  |c eng 
102 |a RU 
105 |a y z 001ay 
200 1 |a Человек в Высоком Замке  |e фантастические романы  |e пер. с англ.  |f Ф. К. Дик 
210 |a Санкт-Петербург  |c Лениздат  |d 1992 
215 |a 606 с. 
320 |a Литература: с. 599 (13 назв.) 
327 1 |a Содерж.: Стигматы Палмера Элдрича; Мечтают ли андроиды об электроовцах?; Человек в Высоком Замке 
330 |a Написанные в шестидесятых годах, романы признанного мастера фантастики Филипа Киндреда Дика давно входят в "золотой фонд" научно-фантастического жанра. Нестандартность авторской мысли, увлекательные сюжеты и глубокий социально-философский подтекст его произведений несомненно привлекут к сборнику симпатии как рядового читателя, так и любителя интеллектуальной прозы. Три романа, вошедшие в сборник, публикуются на русском языке впервые. 
606 1 |a Американская литература (англо-язычная литература)  |2 stltpush  |3 (RuTPU)RU\TPU\subj\28887  |9 52349 
610 1 |a художественная литература 
610 1 |a фантастические романы 
610 1 |a фантастика 
610 1 |a приключения 
675 |a 82  |v 3 
700 1 |a Дик  |b Ф. К.  |g Филип К. 
801 0 |a RU  |b RuMRKP  |c 19950417  |g psbo 
801 1 |a RU  |b 63413507  |c 20070529  |g PSBO 
801 2 |a RU  |b 63413507  |c 20220328  |g PSBO 
942 |c BK